000 00911cad a22002055a 4500
001 L155735
008 120413e20120202xxk f 000 0 eng d
035 _a(Sirsi) u155735
041 0 _aeng
110 2 _aMarkit
_95915
245 0 0 _aStrong growth of new orders supports rise in construction sector activity
_h[electronic resource]
260 _c2012
490 _aMarkit/CIPS UK Construction PMI News Release
_v3 April 2012
520 _aKey points from Markit/CIPS UK Construction PMI are: new orders expand at fastest rate in four-and-a-half years, commercial the strongest performing sub-sector, and confidence continues to improve.
590 _aKA
651 4 _aUnited Kingdom
_y
690 _aConstruction management
_96230
856 4 0 _uhttps://www.markiteconomics.com/MarkitFiles/Pages/ViewPressRelease.aspx?ID=9390
_zView the news release free of charge at www.markiteconomics.com
942 _n0
999 _c113782
_d113782